A guide to British documents and records in the University of Virginia Library /

Bibliographic Details
Main Author: Vandercook, Sharon
Corporate Author: University of Virginia. Library
Format: Book
Language:English
Published: Charlottesville : Reference Department, University of Virginia Library, 1972.
Subjects:

MARC

Tag First Indicator Second Indicator Subfields
LEADER 00000cam a2200000 a 4500
001 in00000079258
005 20151008060807.0
008 730829s1972 vau bc 00110 eng d
035 |a (OCoLC)00683023 
035 |9 AAJ6591AM 
040 |c CWR  |d m.c.  |d TXA  |d UtOrBLW 
043 |a e-uk--- 
049 |a TXAM  |c [1655334] 
090 |a Z2009  |b .V363 
100 1 |a Vandercook, Sharon. 
245 1 2 |a A guide to British documents and records in the University of Virginia Library /  |c by Sharon Vandercook. 
264 1 |a Charlottesville :  |b Reference Department, University of Virginia Library,  |c 1972. 
300 |a vi, 104 pages ;  |c 16 cm. 
336 |a text  |b txt  |2 rdacontent 
337 |a unmediated  |b n  |2 rdamedia 
338 |a volume  |b nc  |2 rdacarrier 
500 |a Includes index. 
651 0 |a Great Britain  |x Government publications  |x Bibliography  |x Catalogs. 
710 2 |a University of Virginia.  |b Library. 
999 |a MARS 
999 f f |s 87b27723-6207-39c0-9540-8d44ee353aca  |i ec9d48f7-131e-3298-ad1a-772cedc6aa2d  |t 0 
952 f f |p ric  |a Texas A&M University  |b Rellis Campus  |c Joint Library Facility  |d Remote Storage  |t 0  |e Z2009 .V363  |h Library of Congress classification  |i unmediated -- volume  |m A14806264057 
998 f f |a Z2009 .V363  |t 0  |l Remote Storage